Catalog

Record Details

Catalog Search



 When he was wicked : Bridgerton Cover Image Book Book

When he was wicked : Bridgerton/ Julia Quinn.

Quinn, Julia, 1970- (author.).

Summary:

Everything was so much simpler... when he was wicked. In every life there is a turning point. A moment so tremendous, so sharp and breathtaking, that one knows one's life will never be the same. For Michael Stirling, London's most infamous rake, that moment came the first time he laid eyes on Francesca Bridgerton. After a lifetime of chasing women, of smiling slyly as they chased him, of allowing himself to be caught but never permitting his heart to become engaged, he took one look at Francesca Bridgerton and fell so fast and hard into love it was a wonder he managed to remain standing. Unfortunately for Michael, however, Francesca's surname was to remain Bridgerton for only a mere thirty-six hours longer—the occasion of their meeting was, lamentably, a supper celebrating her imminent wedding to his cousin. But that was then... Now Michael is the earl and Francesca is free, but still she thinks of him as nothing other than her dear friend and confidant. Michael dares not speak to her of his love... until one dangerous night, when she steps innocently into his arms, and passion proves stronger than even the most wicked of secrets...

Record details

  • ISBN: 9780063141377
  • ISBN: 006314137X
  • ISBN: 9780063141285
  • ISBN: 0063141280
  • Physical Description: 421 pages : illustration, genealogical table ; 24 cm
  • Publisher: New York : Avon, an imprint of HarperCollins Publishers, [2021]

Content descriptions

General Note:
"Netflix. Inspiration for the Netflix original series Bridgerton"--Jacket.
"Francesca's story"--Jacket.
"When He Was Wicked: The 2nd Epilogue" (pages [389]-421) was originally published as an e-book in 2004.
Subject: Aristocracy (Social class) > Fiction.
Man-woman relationships > Fiction.
Widows > Fiction.
Cousins > Fiction
Manners and customs
England > Social life and customs > 19th century > Fiction.
London (England) > Fiction.
Scotland > Fiction.
Genre: Regency fiction.
Historical fiction.
Romance fiction.
Novels.

Available copies

  • 0 of 1 copy available at scottsboropl.

Holds

  • 0 current holds with 1 total copy.
Show Only Available Copies
Location Call Number / Copy Notes Barcode Shelving Location Status Due Date
scottsboropl F Qui 32269001253965 Adult - Fiction Checked out 04/28/2026

LDR 04197cam a2200841 i 4500
001163494
003SBPL
00520240618143553.0
008210220r20212004nyuaj 000 f eng d
020 . ‡a9780063141377 ‡q(hardcover library edition)
020 . ‡a006314137X ‡q(hardcover)
020 . ‡a9780063141285 ‡q(softcover)
020 . ‡a0063141280 ‡q(softcover)
035 . ‡a(OCoLC)1237861936
05014. ‡aPS3617.U57 ‡bW47 2021b
08204. ‡a813/.6 ‡223
1001 . ‡aQuinn, Julia, ‡d1970-: ‡eauthor.
24510. ‡a When he was wicked : ‡bBridgerton/ ‡cJulia Quinn.
2461 . ‡iAt head of title: ‡aBridgerton
2460 . ‡aFrancesca's Story
264 1. ‡aNew York : ‡bAvon, an imprint of HarperCollins Publishers, ‡c[2021]
300 . ‡a421 pages : ‡billustration, genealogical table ; ‡c24 cm
336 . ‡atext ‡btxt ‡2rdacontent
337 . ‡aunmediated ‡bn ‡2rdamedia
338 . ‡avolume ‡bnc ‡2rdacarrier
4901 . ‡aThe Bridgerton series ; ‡vBk 6
500 . ‡a"Netflix. Inspiration for the Netflix original series Bridgerton"--Jacket.
500 . ‡a"Francesca's story"--Jacket.
500 . ‡a"When He Was Wicked: The 2nd Epilogue" (pages [389]-421) was originally published as an e-book in 2004.
520 . ‡aEverything was so much simpler... when he was wicked. In every life there is a turning point. A moment so tremendous, so sharp and breathtaking, that one knows one's life will never be the same. For Michael Stirling, London's most infamous rake, that moment came the first time he laid eyes on Francesca Bridgerton. After a lifetime of chasing women, of smiling slyly as they chased him, of allowing himself to be caught but never permitting his heart to become engaged, he took one look at Francesca Bridgerton and fell so fast and hard into love it was a wonder he managed to remain standing. Unfortunately for Michael, however, Francesca's surname was to remain Bridgerton for only a mere thirty-six hours longer—the occasion of their meeting was, lamentably, a supper celebrating her imminent wedding to his cousin. But that was then... Now Michael is the earl and Francesca is free, but still she thinks of him as nothing other than her dear friend and confidant. Michael dares not speak to her of his love... until one dangerous night, when she steps innocently into his arms, and passion proves stronger than even the most wicked of secrets...
650 0. ‡aAristocracy (Social class) ‡vFiction.
650 0. ‡aMan-woman relationships ‡vFiction.
650 0. ‡aWidows ‡vFiction.
650 7. ‡aCousins ‡vFiction
650 0. ‡aManners and customs
651 0. ‡aEngland ‡xSocial life and customs ‡y19th century ‡vFiction.
651 0. ‡aLondon (England) ‡vFiction.
651 7. ‡aScotland ‡vFiction.
655 7. ‡aRegency fiction.
655 7. ‡aHistorical fiction. ‡2lcgft
655 7. ‡aRomance fiction. ‡2lcgft
655 7. ‡aNovels. ‡2lcgft
8001 . ‡aQuinn, Julia, ‡d1970- ‡tBridgerton series ; ‡vBk 6
901 . ‡a163494 ‡bAUTOGEN ‡c163494 ‡tbiblio

Additional Resources